[Event "DEN-chT 1112 50th"]
[Site "Denmark"]
[Date "2012.01.15"]
[Round "5.5"]
[White "Christensen, Stefan"]
[Black "Rostgaard, Tobias Valentin"]
[Result "1-0"]
[WhiteElo "2278"]
[BlackElo "2198"]
[PlyCount "131"]
[EventDate "2011.10.29"]
[EventType "team-tourn"]
[EventRounds "9"]
[EventCountry "DEN"]
[SourceTitle "EXT 2013"]
[Source "ChessBase"]
[SourceDate "2012.11.22"]
[SourceVersion "1"]
[SourceVersionDate "2012.11.22"]
[SourceQuality "1"]
[WhiteTeam "Jetsmark"]
[BlackTeam "BMS"]
[WhiteTeamCountry "DEN"]
[BlackTeamCountry "DEN"]

1. e4 c5 2. Nf3 e6 3. c3 d5 4. e5 Nc6 5. d4 Qb6 6. a3 c4 7. g3 Nge7 8. Bh3 Nf5 9. 0-0 h5 10. Qe2 Be7 11. Bg5 Bxg5 12. Nxg5 Ncxd4 13. cxd4 Nxd4 14. Qe3 f6 15. exf6 gxf6 16. Nc3 fxg5 17. Nxd5 Qd8 18. Rad1 0-0 19. Rxd4 exd5 20. Bg2 Qf6 21. Bxd5+ Kg7 22. Rxc4 Bh3 23. Rc7+ Kh8 24. Bg2 Bxg2 25. Kxg2 h4 26. Qe7 Qg6 27. Rxb7 Rae8 28. Qc7 Re6 29. Rxa7 Ref6 30. Qe5 Kg8 31. Qd5+ Kh8 32. Rd7 Qc2 33. Qd4 Qc6+ 34. Qd5 Qc2 35. Qd4 Qc6+ 36. f3 Qe6 37. gxh4 g4 38. f4 Qc6+ 39. Qd5 Qc2+ 40. Rf2 Qg6 41. Rd8 Rxd8 42. Qxd8+ Kh7 43. Qc7+ Kh6 44. Qe5 Qf7 45. Re2 Qb7+ 46. Qe4 Qb3 47. f5 Qh3+ 48. Kg1 Qxh4 49. Qf4+ Kg7 50. Re7+ Kf8 51. Re4 Rf7 52. Re6 Rd7 53. Qh6+ Qxh6 54. Rxh6 Rd1+ 55. Kg2 Rd2+ 56. Kg3 Rxb2 57. Kxg4 Ra2 58. Kg5 Rxa3 59. Kg6 Kg8 60. f6 Rf3 61. Rh5 Rf2 62. h4 Rf4 63. Rg5 Kf8 64. h5 Rf2 65. h6 Kg8 66. h7+ 1-0

[Event "DEN-chT 1112 50th"]
[Site "Denmark"]
[Date "2012.01.14"]
[Round "4.5"]
[White "Pedersen, Christopher RNH"]
[Black "Christensen, Stefan"]
[Result "1/2-1/2"]
[WhiteElo "2078"]
[BlackElo "2278"]
[PlyCount "121"]
[EventDate "2011.10.29"]
[EventType "team-tourn"]
[EventRounds "9"]
[EventCountry "DEN"]
[SourceTitle "EXT 2013"]
[Source "ChessBase"]
[SourceDate "2012.11.22"]
[SourceVersion "1"]
[SourceVersionDate "2012.11.22"]
[SourceQuality "1"]
[WhiteTeam "Hillerod"]
[BlackTeam "Jetsmark"]
[WhiteTeamCountry "DEN"]
[BlackTeamCountry "DEN"]

1. e4 e6 2. d4 d5 3. Nc3 dxe4 4. Nxe4 Nd7 5. Nf3 Ngf6 6. Bd3 Nxe4 7. Bxe4 Nf6 8. Bd3 c5 9. 0-0 cxd4 10. Nxd4 Bd6 11. Bg5 0-0 12. Re1 h6 13. Bh4 Re8 14. Nb5 Bc5 15. Qf3 Be7 16. Bg3 Rf8 17. Rad1 Qb6 18. Nc7 Rb8 19. Bb5 a6 20. Ba4 Qxb2 21. Bb3 b5 22. Be5 Qa3 23. Bxf6 Bxf6 24. Nxe6 Bxe6 25. Rxe6 Qc5 26. Rxf6 gxf6 27. Rd5 Qe7 28. h4 Rfe8 29. Qg4+ Kf8 30. Qf4 Qe1+ 31. Kh2 Rb6 32. Qxh6+ Ke7 33. Qf4 Re6 34. Rf5 Rc6 35. Qf3 Rec8 36. Rf4 Qc3 37. Qh5 Rf8 38. Re4+ Kd6 39. Qd5+ Kc7 40. a4 Qc5 41. axb5 axb5 42. Qxc5 Rxc5 43. Re7+ Kd6 44. Ra7 Rc7 45. Rxc7 Kxc7 46. g4 Kd6 47. Kg3 Ke5 48. f3 Rc8 49. h5 Rf8 50. c3 Kd6 51. f4 Ke7 52. h6 Rh8 53. g5 fxg5 54. fxg5 f6 55. Kf4 fxg5+ 56. Kxg5 Kd6 57. Kg6 Ke5 58. Bc2 Kd5 59. Bd3 Kc5 60. Kg7 Rxh6 61. Kxh6 1/2-1/2

[Event "EU-Cup 27th"]
[Site "Rogaska Slatina"]
[Date "2011.09.29"]
[Round "5"]
[White "Christensen, Stefan"]
[Black "Vogt, Lothar"]
[Result "0-1"]
[WhiteElo "2278"]
[BlackElo "2410"]
[PlyCount "114"]
[EventDate "2011.09.25"]
[EventType "team-swiss"]
[EventRounds "7"]
[EventCountry "SLO"]
[SourceTitle "CBM 145"]
[Source "ChessBase"]
[SourceDate "2011.11.11"]
[SourceVersion "1"]
[SourceVersionDate "2011.11.11"]
[SourceQuality "1"]
[WhiteTeam "Jetsmark"]
[BlackTeam "Zuerich"]
[WhiteTeamCountry "DEN"]
[BlackTeamCountry "SUI"]

1. e4 c5 2. c3 d5 3. exd5 Qxd5 4. d4 e6 5. Nf3 Nf6 6. Be3 cxd4 7. cxd4 Nc6 8. Nc3 Qd6 9. a3 g6 10. Qd2 Bg7 11. Bf4 Qd8 12. Bb5 Bd7 13. 0-0 0-0 14. Bc4 Rc8 15. Ba2 Ne7 16. Rac1 Qb6 17. Ne5 Rfd8 18. Nc4 Qa6 19. Ne3 Bc6 20. Bg5 Qa5 21. Nc4 Qc7 22. Ne5 Nf5 23. Nxc6 bxc6 24. Ne2 h6 25. Bxf6 Bxf6 26. Rfd1 Bxd4 27. Nxd4 Rxd4 28. Qe2 Qd6 29. Rxd4 Nxd4 30. Qe4 a5 31. h4 h5 32. Rd1 Rd8 33. Kh1 c5 34. Rd3 Qb6 35. Rd2 Nf5 36. Rxd8+ Qxd8 37. g3 Qd2 38. Kg2 Qxb2 39. Bc4 Qxa3 40. Qe5 Qb4 41. Bd3 a4 42. Bxf5 exf5 43. Qe8+ Kg7 44. Qe5+ Kh7 45. Qc7 Qe4+ 46. Kh2 Qd5 47. Qa7 Qc4 48. Kg1 f4 49. gxf4 Qxf4 50. Qxc5 Qxh4 51. Qa7 Qg4+ 52. Kh2 Qc4 53. Kg2 Qb3 54. Kh2 a3 55. Kg2 a2 56. Kh2 Kg8 57. Qd4 Qb1 0-1

[Event "DEN-chT 1011 49th"]
[Site "Denmark"]
[Date "2011.03.12"]
[Round "8.4"]
[White "Christensen, Stefan"]
[Black "Shaw, John"]
[Result "1-0"]
[WhiteElo "2262"]
[BlackElo "2439"]
[PlyCount "111"]
[EventDate "2010.11.06"]
[EventType "team-tourn"]
[EventRounds "9"]
[EventCountry "DEN"]
[SourceTitle "EXT 2012"]
[Source "ChessBase"]
[SourceDate "2011.11.24"]
[SourceVersion "1"]
[SourceVersionDate "2011.11.24"]
[SourceQuality "1"]
[WhiteTeam "Jetsmark"]
[BlackTeam "Sydostfyn"]
[WhiteTeamCountry "DEN"]
[BlackTeamCountry "DEN"]

1. e4 d6 2. d4 Nf6 3. Nc3 e5 4. Nge2 Be7 5. g3 c6 6. a4 0-0 7. Bg2 a5 8. 0-0 Na6 9. h3 h5 10. Be3 Nb4 11. f4 Qc7 12. Rc1 Be6 13. b3 Rfe8 14. Qe1 Qc8 15. Kh2 Bxb3 16. cxb3 Nd3 17. Qd2 Nxc1 18. Qxc1 Nd7 19. Bf3 g6 20. dxe5 dxe5 21. f5 Nf6 22. Bg5 Nh7 23. Be3 Nf6 24. g4 gxf5 25. gxf5 Kh7 26. Ng3 h4 27. Nh5 Rg8 28. Qe1 Qf8 29. Qxh4 Ng4+ 30. Qxg4 Rxg4 31. hxg4 f6 32. Be2 Bc5 33. Bxc5 Qxc5 34. Nxf6+ Kh6 35. Rf3 Rh8 36. Nh5 Kg5 37. Kg2 Rf8 38. Nd1 Qc2 39. Re3 Rd8 40. Nf2 Rd2 41. Ng3 b5 42. Nh3+ Kf6 43. g5+ Kg7 44. f6+ Kg6 45. Rf3 Rxe2+ 46. Nxe2 Qxe2+ 47. Nf2 Kf7 48. g6+ Kxg6 49. f7 Qxf3+ 50. Kxf3 Kxf7 51. Nd3 Ke6 52. Nc5+ Kd6 53. Nb7+ Kc7 54. Nxa5 Kb6 55. Nxc6 Kxc6 56. axb5+ 1-0

[Event "DEN-chT 1011 49th"]
[Site "Denmark"]
[Date "2010.12.05"]
[Round "3.4"]
[White "Christensen, Stefan"]
[Black "Bromann, Thorbjorn"]
[Result "0-1"]
[WhiteElo "2262"]
[BlackElo "2433"]
[PlyCount "202"]
[EventDate "2010.11.06"]
[EventType "team-tourn"]
[EventRounds "9"]
[EventCountry "DEN"]
[SourceTitle "EXT 2012"]
[Source "ChessBase"]
[SourceDate "2011.11.24"]
[SourceVersion "1"]
[SourceVersionDate "2011.11.24"]
[SourceQuality "1"]
[WhiteTeam "Jetsmark"]
[BlackTeam "Bronshoj"]
[WhiteTeamCountry "DEN"]
[BlackTeamCountry "DEN"]

1. e4 e6 2. d4 d5 3. Nc3 dxe4 4. Nxe4 Nd7 5. Nf3 Ngf6 6. Nxf6+ Nxf6 7. Bd3 c5 8. dxc5 Bxc5 9. 0-0 0-0 10. Bg5 b6 11. Qe2 Bb7 12. Rad1 Qc7 13. Bxf6 gxf6 14. Be4 Rfd8 15. c3 Rxd1 16. Rxd1 Bxe4 17. Qxe4 Rd8 18. Qe2 Rxd1+ 19. Qxd1 Qf4 20. g3 Qc4 21. a3 a5 22. Ne5 Bxf2+ 23. Kxf2 Qc5+ 24. Kg2 Qxe5 25. Qd8+ Kg7 26. Qxb6 Qe4+ 27. Kg1 e5 28. Qxa5 Qb1+ 29. Kg2 Qxb2+ 30. Kh3 Qe2 31. Qd5 Qf1+ 32. Kh4 Qc1 33. Kh3 Qxc3 34. a4 Qc8+ 35. Kh4 Qc2 36. Qd7 Qxh2+ 37. Qh3 Qd2 38. Qg4+ Kf8 39. Qc8+ Ke7 40. Qc7+ Qd7 41. Qc5+ Kd8 42. Qb6+ Kc8 43. Qa6+ Kc7 44. Qa7+ Kc6 45. Qa6+ Kc5 46. g4 Qc6 47. Qa7+ Kb4 48. Kg3 Qxa4 49. Qe7+ Kc3 50. Qxf6 Qe8 51. Qf3+ Kd4 52. Qd1+ Kc5 53. Qc2+ Kd6 54. Qd3+ Ke6 55. Qf5+ Kd6 56. Qd3+ Ke7 57. Qxh7 Qa4 58. Qf5 Qb3+ 59. Kg2 Qb2+ 60. Kg3 Qc3+ 61. Kg2 Qd2+ 62. Kg3 Qe3+ 63. Kg2 f6 64. Qh7+ Kd6 65. Qg6 Qd2+ 66. Kh3 Qf4 67. Qd3+ Ke6 68. Qb3+ Ke7 69. Qb7+ Kf8 70. Qc8+ Kg7 71. Qd7+ Kh6 72. Qf7 Qe3+ 73. Kh4 Qg5+ 74. Kg3 Qg6 75. Qf8+ Qg7 76. Qd6 Qf7 77. Qd2+ Kg7 78. Qd6 Qb3+ 79. Kh4 Qb7 80. Kg3 Kg6 81. Qe6 Qf7 82. Qf5+ Kg7 83. Qe4 Qb3+ 84. Kh4 Qb2 85. Kg3 Qc3+ 86. Kg2 Qd2+ 87. Kg3 Qc3+ 88. Kg2 Qd4 89. Qf5 e4 90. Qf4 Qb2+ 91. Kh3 Qc3+ 92. Kg2 Qc2+ 93. Kg3 Qd3+ 94. Kf2 Qd4+ 95. Qe3 Qe5 96. Kg2 Kg6 97. Kg1 Qe6 98. Qf4 e3 99. Kf1 Qa6+ 100. Ke1 Qd3 101. Qf3 Kg5 0-1

[Event "DEN-chT 0910 48th"]
[Site "Denmark"]
[Date "2010.02.21"]
[Round "7.5"]
[White "Christensen, Stefan"]
[Black "Christensen, Tobias"]
[Result "0-1"]
[WhiteElo "2228"]
[BlackElo "2352"]
[PlyCount "80"]
[EventDate "2009.11.07"]
[EventType "team-tourn"]
[EventRounds "9"]
[EventCountry "DEN"]
[SourceTitle "EXT 2023"]
[Source "ChessBase"]
[SourceDate "2022.10.05"]
[SourceVersion "1"]
[SourceVersionDate "2022.10.05"]
[SourceQuality "1"]
[WhiteTeam "Jetsmark"]
[BlackTeam "Aarhus/Skolerne"]
[WhiteTeamCountry "DEN"]
[BlackTeamCountry "DEN"]

1. e4 c6 2. d4 d5 3. Nc3 dxe4 4. Nxe4 Nf6 5. Nxf6+ exf6 6. c3 Bd6 7. Bd3 Na6 8. Ne2 Bg4 9. f3 Be6 10. Bxa6 bxa6 11. Bf4 0-0 12. Bxd6 Qxd6 13. 0-0 Rab8 14. b3 a5 15. Nc1 c5 16. dxc5 Qxc5+ 17. Qd4 Qxd4+ 18. cxd4 Rfd8 19. Ne2 a4 20. Rfc1 g5 21. Rc3 Rb4 22. Kf2 Rd7 23. Ke3 f5 24. f4 Re7 25. Kd3 Bd7 26. bxa4 Bxa4 27. Rc8+ Kg7 28. Nc3 Rd7 29. Rc4 Bc2+ 30. Kxc2 Rxc4 31. Kb3 Rcxd4 32. fxg5 Rb7+ 33. Kc2 Rc7 34. Rf1 Kg6 35. Kb3 Rd3 36. Rc1 Kxg5 37. Kb4 a5+ 38. Kb3 f4 39. Rc2 Kf5 40. Kb2 Re3 0-1

[Event "DEN-chT 0910 48th"]
[Site "Denmark"]
[Date "2009.12.06"]
[Round "3.5"]
[White "Christensen, Stefan"]
[Black "Nielsen, Soren Holst"]
[Result "1-0"]
[WhiteElo "2228"]
[BlackElo "2214"]
[PlyCount "67"]
[EventDate "2009.11.07"]
[EventType "team-tourn"]
[EventRounds "9"]
[EventCountry "DEN"]
[SourceTitle "EXT 2023"]
[Source "ChessBase"]
[SourceDate "2022.10.05"]
[SourceVersion "1"]
[SourceVersionDate "2022.10.05"]
[SourceQuality "1"]
[WhiteTeam "Jetsmark"]
[BlackTeam "Copenhagen 68"]
[WhiteTeamCountry "DEN"]
[BlackTeamCountry "DEN"]

1. e4 b6 2. d4 Bb7 3. Bd3 e6 4. Nf3 d6 5. 0-0 g6 6. Bg5 Qc8 7. Nc3 Bg7 8. Re1 Nd7 9. Qd2 h6 10. Be3 Ne7 11. a4 a6 12. Ne2 Nf6 13. Nc3 Nd7 14. h3 Kf8 15. Ne2 Kg8 16. Ng3 Kh7 17. h4 Nf6 18. e5 Nfd5 19. Bf4 Qd7 20. Ne4 Nxf4 21. Qxf4 Nd5 22. Qd2 a5 23. c3 Qe7 24. exd6 cxd6 25. h5 Rhf8 26. hxg6+ fxg6 27. Neg5+ hxg5 28. Rxe6 Qd7 29. Rxg6 Nf4 30. Rxg5+ Nxd3 31. Qxd3+ Kg8 32. Rh5 Qg4 33. Qh7+ Kf7 34. Rg5 1-0